Normal view MARC view
  • Flynn, Christopher,

Entry Personal Name

Number of records used in: 0

001 - CONTROL NUMBER

  • control field: 235098

003 - CONTROL NUMBER IDENTIFIER

  • control field: KE-NaSUL

005 - DATE AND TIME OF LATEST TRANSACTION

  • control field: 20250827000818.0

008 - FIXED-LENGTH DATA ELEMENTS

  • fixed length control field: 250827|| aca||aabn | a|a d

040 ## - CATALOGING SOURCE

  • Original cataloging agency: KE-NaSUL
  • Transcribing agency: KE-NaSUL

100 ## - HEADING--PERSONAL NAME

  • Personal name: Flynn, Christopher,
  • Dates associated with a name: 1964-

670 ## - SOURCE DATA FOUND

  • Source citation: Work cat.: (KE-NaSUL)236562: Flynn, Christopher, 1964-, Americans in British literature, 1770-1832, c2008.

© Strathmore University Library
Madaraka Estate, Ole Sangale Road | P. O. Box 59857 - 00200 City Square, Nairobi, Kenya
(+254) (0)703 034 000/200/300 | (+254) (0)20-607498